|
|
|
|
| LEADER |
00000nam2a2200000 4500 |
| 001 |
190496 |
| 005 |
20231101224304.0 |
| 035 |
|
|
|a (RuTPU)RU\TPU\book\207559
|
| 035 |
|
|
|a RU\TPU\book\205930
|
| 090 |
|
|
|a 190496
|
| 100 |
|
|
|a 20110124d2000 km y0rusy50 ca
|
| 101 |
2 |
|
|a rus
|a eng
|
| 102 |
|
|
|a RU
|
| 105 |
|
|
|a ac z 000zd
|
| 200 |
0 |
|
|a Вып. 6
|
| 210 |
|
|
|d 2000
|
| 215 |
|
|
|a 225 с.
|c ил.
|
| 330 |
|
|
|a Тема номера: ТПУ: высшая школа, наука, экономика, культура
|
| 461 |
|
1 |
|0 (RuTPU)RU\TPU\book\202435
|t Томский политехник
|o ежегодный журнал
|f Томский политехнический университет (ТПУ), Ассоциация выпускников
|v Вып. 6
|d 1995-
|
| 600 |
|
1 |
|a Радугин
|b К. В.
|c российский геолог
|c профессор Томского политехнического института
|f 1899-1984
|g Константин Владимирович
|y Томск
|2 stltpush
|3 (RuTPU)RU\TPU\pers\13858
|9 4370
|
| 600 |
|
1 |
|a Зубашев (Зубашов)
|g Ефим Лукьянович
|c российский химик-технолог
|f 1860-1928
|b Е. Л.
|c первый директор Томского технологического института (1899-1907)
|y Томск
|2 stltpush
|3 (RuTPU)RU\TPU\pers\579
|
| 606 |
1 |
|
|a Томский политехнический университет
|2 stltpush
|3 (RuTPU)RU\TPU\subj\67475
|9 83260
|
| 610 |
1 |
|
|a Коллекция История ТПУ
|
| 610 |
1 |
|
|a ТПИ
|
| 610 |
1 |
|
|a геологи-политехники
|
| 610 |
1 |
|
|a ТТИ
|
| 610 |
1 |
|
|a Научно-техническая библиотека Томского политехнического университета
|
| 610 |
1 |
|
|a НТБ ТПУ
|
| 686 |
|
|
|a Ч484(2)72ТПУ
|2 rubbk
|
| 801 |
|
1 |
|a RU
|b 63413507
|c 20101101
|
| 801 |
|
2 |
|a RU
|b 63413507
|c 20230619
|g RCR
|
| 942 |
|
|
|c BK
|